Oriental Carpet Design (Record no. 1218)
[ view plain ]
| 000 -CABECERA | |
|---|---|
| campo de control de longitud fija | 00669nam a2200193 a 4500 |
| 001 - NÚMERO DE CONTROL | |
| campo de control | BRCA_1356 |
| 005 - FECHA Y HORA DE LA ÚLTIMA TRANSACCIÓN | |
| campo de control | 20190320203405.0 |
| 008 - DATOS DE LONGITUD FIJA--INFORMACIÓN GENERAL | |
| campo de control de longitud fija | 911101s1989----nyua---##b---#001-0#eng-# |
| 020 ## - NÚMERO INTERNACIONAL ESTÁNDAR DEL LIBRO | |
| Número Internacional Estándar del Libro | 0500233284 |
| 050 #4 - SIGNATURA TOPOGRÁFICA DE LA BIBLIOTECA DEL CONGRESO | |
| Número de clasificación | NK2808 |
| Número de documento/Ítem | .F65 1992 |
| 100 1# - ENTRADA PRINCIPAL--NOMBRE DE PERSONA | |
| Nombre de persona | Ford, P. R. J. |
| 9 (RLIN) | 4434 |
| 245 10 - MENCIÓN DE TÍTULO | |
| Título | Oriental Carpet Design |
| Resto del título | a Guide to Traditional Motifs, Patterns, and Symbols |
| Mención de responsabilidad, etc. | P.R.J. Ford. |
| 260 ## - PUBLICACIÓN, DISTRIBUCIÓN, ETC. | |
| Lugar de publicación, distribución, etc. | Londres |
| Nombre del editor, distribuidor, etc. | Thames and Hudson |
| Fecha de publicación, distribución, etc. | 1989 |
| 300 ## - DESCRIPCIÓN FÍSICA | |
| Extensión | 352 p. |
| Otras características físicas | il. (algunas a color) |
| Dimensiones | 32 cm. |
| Material acompañante/anejo | maps |
| 500 ## - NOTA GENERAL | |
| Nota general | índice of carpet alfombra, origins illustrated e índice general alfabético |
| 504 ## - NOTA DE BIBLIOGRAFÍA, ETC. | |
| Nota de bibliografía, etc. | Bibliografía p. 342 |
| 650 14 - PUNTO DE ACCESO ADICIONAL DE MATERIA--TÉRMINO DE MATERIA | |
| Término de materia o nombre geográfico como elemento de entrada | Alfombras orientales. |
| 9 (RLIN) | 4435 |
| 942 ## - ELEMENTOS DE PUNTO DE ACCESO ADICIONAL (KOHA) | |
| Fuente del sistema de clasificación o colocación | Library of Congress Classification |
| Tipo de ítem Koha | Libros |
| Estado de retiro | Estado de pérdida | Estado dañado | No para préstamo | Localización permanente | Ubicación/localización actual | Fecha de adquisición | Total de préstamos | Signatura topográfica completa | Código de barras | Fecha visto por última vez | Precio válido a partir de | Tipo de ítem Koha |
|---|---|---|---|---|---|---|---|---|---|---|---|---|
| El ejemplar forma parte de la colección y puede ser consultado según las políticas vigentes. | Biblioteca del Museo Franz Mayer (Rogerio Casas-Alatriste) | Biblioteca del Museo Franz Mayer (Rogerio Casas-Alatriste) | 26/06/2008 | NK2808 .F65 1992 | 01879 | 22/03/2019 | 22/03/2019 | Libros |